[Event "DVM U12w 2024"]
[Site "Bad Homburg GER"]
[Date "2024.12.29"]
[Round "5"]
[White "Albrecht, Sidney Jenna"]
[Black "Döscher, Nayla"]
[Result "1-0"]
[Termination "normal"]
[Board "5.2"]
[WhiteElo "1483"]
[BlackElo "1437"]
[WhiteClock "00:48:30"]
[BlackClock "00:24:18"]
[WhiteTeam "SV Empor Erfurt"]
[BlackTeam "Schachzwerge Magdeburg"]
[PlyCount "131"]
[WhiteFideId "34660283"]
[BlackFideId "34625046"]
[EventCountry "GER"]
[EventRounds "7"]
[EventType "team-swiss"]
[EventDate "2024.12.26"]

1. c4 {[%clk 01:30:59]} e5 {[%clk 01:30:59]} {[%emt 00:00:02]} 2. Nc3 {[%clk
01:31:23]} {[%emt 00:00:05]} Nc6 {[%clk 01:31:19]} {[%emt 00:00:10]} 3. Nf3
{[%clk 01:31:45]} {[%emt 00:00:06]} Nf6 {[%clk 01:31:37]} {[%emt 00:00:13]} 4.
g3 {[%clk 01:32:07]} {[%emt 00:00:07]} Bb4 {[%clk 01:31:50]} {[%emt 00:00:18]}
5. Bg2 {[%clk 01:32:29]} {[%emt 00:00:08]} Bxc3 {[%clk 01:32:03]} {[%emt
00:00:17]} 6. bxc3 {[%clk 01:32:51]} {[%emt 00:00:08]} d6 {[%clk 01:32:09]}
{[%emt 00:00:24]} 7. O-O {[%clk 01:33:06]} {[%emt 00:00:15]} O-O {[%clk
01:32:26]} {[%emt 00:00:14]} 8. d3 {[%clk 01:33:09]} {[%emt 00:00:26]} Nh5
{[%clk 01:31:54]} {[%emt 00:01:02]} 9. e4 {[%clk 01:29:32]} {[%emt 00:04:07]}
f5 {[%clk 01:21:15]} {[%emt 00:11:10]} 10. Nh4 {[%clk 01:24:23]} {[%emt
00:05:39]} Nf6 {[%clk 01:06:56]} {[%emt 00:14:48]} 11. exf5 {[%clk 01:18:44]}
{[%emt 00:06:10]} Ne8 {[%clk 01:02:24]} {[%emt 00:05:02]} 12. Bd5+ {[%clk
01:17:33]} {[%emt 00:01:42]} Kh8 {[%clk 01:02:01]} {[%emt 00:00:52]} 13. Qh5
{[%clk 01:16:59]} {[%emt 00:01:04]} Ne7 {[%clk 00:50:34]} {[%emt 00:11:57]} 14.
Bg5 {[%clk 01:01:59]} {[%emt 00:15:30]} Nf6 {[%clk 00:48:06]} {[%emt 00:02:58]}
15. Bxf6 {[%clk 01:01:20]} {[%emt 00:01:09]} Rxf6 {[%clk 00:47:08]} {[%emt
00:01:27]} 16. Be4 {[%clk 00:55:15]} {[%emt 00:06:35]} c6 {[%clk 00:42:06]}
{[%emt 00:05:34]} 17. Ng6+ {[%clk 00:52:41]} {[%emt 00:03:03]} Kg8 {[%clk
00:38:30]} {[%emt 00:04:06]} 18. Nxe7+ {[%clk 00:51:49]} {[%emt 00:01:22]} Qxe7
{[%clk 00:38:50]} {[%emt 00:00:10]} 19. g4 {[%clk 00:51:14]} {[%emt 00:01:05]}
Rh6 {[%clk 00:36:55]} {[%emt 00:02:17]} 20. f6 {[%clk 00:49:53]} {[%emt
00:01:58]} Rxh5 {[%clk 00:32:41]} {[%emt 00:04:45]} 21. fxe7 {[%clk 00:50:11]}
{[%emt 00:00:12]} Bxg4 {[%clk 00:32:49]} {[%emt 00:00:23]} 22. Rab1 {[%clk
00:49:00]} {[%emt 00:01:40]} Kf7 {[%clk 00:24:37]} {[%emt 00:08:42]} 23. Kh1
{[%clk 00:47:22]} {[%emt 00:02:08]} Bf5 {[%clk 00:22:17]} {[%emt 00:02:51]} 24.
Bxf5 {[%clk 00:46:54]} {[%emt 00:00:58]} Rxf5 {[%clk 00:22:36]} {[%emt
00:00:12]} 25. Rxb7 {[%clk 00:46:24]} {[%emt 00:01:00]} Rf6 {[%clk 00:20:46]}
{[%emt 00:02:20]} 26. Rg1 {[%clk 00:44:58]} {[%emt 00:01:55]} g6 {[%clk
00:20:22]} {[%emt 00:00:53]} 27. e8=Q+ {[%clk 00:40:49]} {[%emt 00:04:40]} Kxe8
{[%clk 00:20:01]} {[%emt 00:00:51]} 28. Rxh7 {[%clk 00:41:07]} {[%emt
00:00:12]} Rxf2 {[%clk 00:16:40]} {[%emt 00:03:52]} 29. Rxg6 {[%clk 00:41:01]}
{[%emt 00:00:35]} Rd8 {[%clk 00:14:42]} {[%emt 00:02:29]} 30. Rxa7 {[%clk
00:38:40]} {[%emt 00:02:50]} Rd7 {[%clk 00:13:17]} {[%emt 00:01:54]} 31. Rg8+
{[%clk 00:34:15]} {[%emt 00:04:56]} Ke7 {[%clk 00:11:36]} {[%emt 00:02:11]} 32.
Rg7+ {[%clk 00:34:16]} {[%emt 00:00:29]} Ke6 {[%clk 00:10:39]} {[%emt
00:01:27]} 33. Rgxd7 {[%clk 00:34:08]} {[%emt 00:00:38]} Rd2 {[%clk 00:10:24]}
{[%emt 00:00:45]} 34. Rf7 {[%clk 00:33:59]} {[%emt 00:00:39]} d5 {[%clk
00:09:29]} {[%emt 00:01:26]} 35. cxd5+ {[%clk 00:33:33]} {[%emt 00:00:56]} Kxd5
{[%clk 00:09:31]} {[%emt 00:00:27]} 36. Ra5+ {[%clk 00:33:09]} {[%emt
00:00:54]} Ke6 {[%clk 00:09:43]} {[%emt 00:00:16]} 37. Raa7 {[%clk 00:32:16]}
{[%emt 00:01:24]} Rd1+ {[%clk 00:08:52]} {[%emt 00:01:22]} 38. Kg2 {[%clk
00:32:33]} {[%emt 00:00:12]} Rd2+ {[%clk 00:08:38]} {[%emt 00:00:44]} 39. Kf3
{[%clk 00:32:23]} {[%emt 00:00:39]} Rxd3+ {[%clk 00:08:12]} {[%emt 00:00:57]}
40. Ke4 {[%clk 00:32:28]} {[%emt 00:00:24]} Rxc3 {[%clk 00:08:08]} {[%emt
00:00:35]} 41. Rfe7+ {[%clk 00:30:59]} {[%emt 00:01:59]} Kf6 {[%clk 00:07:40]}
{[%emt 00:00:59]} 42. Rxe5 {[%clk 00:30:59]} {[%emt 00:00:28]} Rc4+ {[%clk
00:07:51]} {[%emt 00:00:21]} 43. Kd3 {[%clk 00:31:13]} {[%emt 00:00:16]} Rh4
{[%clk 00:06:48]} {[%emt 00:01:31]} 44. Re3 {[%clk 00:29:54]} {[%emt 00:01:51]}
Rxh2 {[%clk 00:06:07]} {[%emt 00:01:10]} 45. Re2 {[%clk 00:28:12]} {[%emt
00:02:13]} Rh3+ {[%clk 00:06:11]} {[%emt 00:00:26]} 46. Kd2 {[%clk 00:28:07]}
{[%emt 00:00:35]} Rh8 {[%clk 00:04:58]} {[%emt 00:01:43]} 47. Ra3 {[%clk
00:26:23]} {[%emt 00:02:14]} Kf5 {[%clk 00:04:17]} {[%emt 00:01:08]} 48. Rf3+
{[%clk 00:26:08]} {[%emt 00:00:49]} Kg4 {[%clk 00:04:26]} {[%emt 00:00:20]} 49.
Rf7 {[%clk 00:24:10]} {[%emt 00:02:28]} Kg3 {[%clk 00:03:58]} {[%emt 00:00:58]}
50. Ke1 {[%clk 00:23:48]} {[%emt 00:00:51]} Rh1+ {[%clk 00:03:34]} {[%emt
00:00:54]} 51. Rf1 {[%clk 00:24:01]} {[%emt 00:00:18]} Rh8 {[%clk 00:03:15]}
{[%emt 00:00:45]} 52. Re7 {[%clk 00:22:26]} {[%emt 00:02:08]} Rb8 {[%clk
00:02:14]} {[%emt 00:01:24]} 53. Rg7+ {[%clk 00:21:49]} {[%emt 00:01:16]} Kh2
{[%clk 00:02:26]} {[%emt 00:00:16]} 54. Kf2 {[%clk 00:19:54]} {[%emt 00:02:26]}
Rf8+ {[%clk 00:02:19]} {[%emt 00:00:35]} 55. Ke2 {[%clk 00:20:01]} {[%emt
00:00:25]} Re8+ {[%clk 00:02:31]} {[%emt 00:00:16]} 56. Kd3 {[%clk 00:19:57]}
{[%emt 00:00:36]} Rd8+ {[%clk 00:00:51]} {[%emt 00:02:10]} 57. Ke4 {[%clk
00:19:29]} {[%emt 00:00:58]} Re8+ {[%clk 00:00:36]} {[%emt 00:00:45]} 58. Kd4
{[%clk 00:19:49]} {[%emt 00:00:10]} Rd8+ {[%clk 00:29:55]} {[%emt 00:01:10]}
59. Ke5 {[%clk 00:50:03]} {[%emt 00:00:17]} Rd3 {[%clk 00:29:01]} {[%emt
00:01:13]} 60. Rf6 {[%clk 00:48:40]} {[%emt 00:02:04]} Rh3 {[%clk 00:29:04]}
{[%emt 00:00:25]} 61. Rxc6 {[%clk 00:47:59]} {[%emt 00:01:13]} Rh5+ {[%clk
00:28:40]} {[%emt 00:00:52]} 62. Kf6 {[%clk 00:47:42]} {[%emt 00:00:48]} Rh6+
{[%clk 00:28:00]} {[%emt 00:01:10]} 63. Rg6 {[%clk 00:48:04]} {[%emt 00:00:10]}
Rh3 {[%clk 00:27:55]} {[%emt 00:00:28]} 64. Rc5 {[%clk 00:47:53]} {[%emt
00:00:47]} Rf3+ {[%clk 00:24:23]} {[%emt 00:04:03]} 65. Kg7 {[%clk 00:48:08]}
{[%emt 00:00:13]} Rh3 {[%clk 00:24:18]} {[%emt 00:00:36]} 66. Rh6 {[%clk
00:48:30]} {[%emt 00:00:08]} 1-0

[Event "DVM U12w 2024"]
[Site "Bad Homburg GER"]
[Date "2024.12.29"]
[Round "5"]
[White "Dinges, Mara"]
[Black "He, Siqi"]
[Result "1-0"]
[Termination "normal"]
[Board "6.4"]
[WhiteElo "854"]
[BlackElo "870"]
[WhiteClock "01:22:50"]
[BlackClock "01:21:11"]
[WhiteTeam "SC Weisse Dame"]
[BlackTeam "SchVgg Blankenese 1923"]
[PlyCount "91"]
[WhiteFideId "34623183"]
[BlackFideId "34682708"]
[EventCountry "GER"]
[EventRounds "7"]
[EventType "team-swiss"]
[EventDate "2024.12.26"]

1. d4 {[%clk 01:30:57]} {[%emt 00:00:03]} d5 {[%clk 01:30:51]} {[%emt
00:00:10]} 2. Bf4 {[%clk 01:31:12]} {[%emt 00:00:15]} Bf5 {[%clk 01:31:12]}
{[%emt 00:00:08]} 3. e3 {[%clk 01:31:24]} {[%emt 00:00:19]} e6 {[%clk
01:31:33]} {[%emt 00:00:09]} 4. Nf3 {[%clk 01:31:45]} {[%emt 00:00:08]} Nf6
{[%clk 01:31:52]} {[%emt 00:00:12]} 5. Bd3 {[%clk 01:31:58]} {[%emt 00:00:17]}
Bg6 {[%clk 01:32:14]} {[%emt 00:00:08]} 6. c3 {[%clk 01:32:10]} {[%emt
00:00:17]} c5 {[%clk 01:32:34]} {[%emt 00:00:09]} 7. Bb5+ {[%clk 01:30:37]}
{[%emt 00:02:04]} Nc6 {[%clk 01:32:51]} {[%emt 00:00:12]} 8. Ne5 {[%clk
01:30:24]} {[%emt 00:00:44]} Rc8 {[%clk 01:32:29]} {[%emt 00:00:49]} 9. Nd2
{[%clk 01:29:45]} {[%emt 00:01:13]} Be7 {[%clk 01:32:11]} {[%emt 00:00:46]} 10.
c4 {[%clk 01:28:42]} {[%emt 00:01:35]} O-O {[%clk 01:32:19]} {[%emt 00:00:19]}
11. Nb3 {[%clk 01:27:11]} {[%emt 00:02:05]} a6 {[%clk 01:32:23]} {[%emt
00:00:24]} 12. Bxc6 {[%clk 01:27:06]} {[%emt 00:00:36]} bxc6 {[%clk 01:32:29]}
{[%emt 00:00:23]} 13. O-O {[%clk 01:26:05]} {[%emt 00:01:32]} cxd4 {[%clk
01:31:40]} {[%emt 00:01:19]} 14. Nxd4 {[%clk 01:25:29]} {[%emt 00:01:06]} c5
{[%clk 01:31:30]} {[%emt 00:00:39]} 15. Ndc6 {[%emt 00:01:53]} Qb6 {[%clk
01:29:47]} {[%emt 00:01:36]} 16. Nxe7+ {[%clk 01:24:42]} {[%emt 00:00:33]} Kh8
{[%clk 01:29:39]} {[%emt 00:00:36]} 17. Nxc8 {[%clk 01:24:49]} {[%emt
00:00:24]} Rxc8 {[%clk 01:30:01]} {[%emt 00:00:09]} 18. Nxg6+ {[%clk 01:25:01]}
{[%emt 00:00:17]} fxg6 {[%clk 01:30:07]} {[%emt 00:00:24]} 19. b3 {[%clk
01:24:40]} {[%emt 00:00:51]} Rd8 {[%clk 01:29:51]} {[%emt 00:00:45]} 20. Qc2
{[%clk 01:23:45]} {[%emt 00:01:26]} dxc4 {[%clk 01:28:58]} {[%emt 00:01:23]}
21. bxc4 {[%clk 01:23:46]} {[%emt 00:00:28]} Qa5 {[%clk 01:27:27]} {[%emt
00:01:48]} 22. Rfd1 {[%clk 01:23:44]} {[%emt 00:00:44]} h6 {[%clk 01:27:07]}
{[%emt 00:00:50]} 23. Rxd8+ {[%clk 01:23:56]} {[%emt 00:00:19]} Qxd8 {[%clk
01:26:58]} {[%emt 00:00:35]} 24. Qxg6 {[%clk 01:23:02]} {[%emt 00:01:28]} Kg8
{[%clk 01:25:44]} {[%emt 00:01:42]} 25. Be5 {[%clk 01:22:44]} {[%emt 00:00:50]}
Kf8 {[%clk 01:25:00]} {[%emt 00:01:12]} 26. Bxf6 {[%clk 01:22:31]} {[%emt
00:00:44]} gxf6 {[%clk 01:25:13]} {[%emt 00:00:19]} 27. Qxh6+ {[%clk 01:22:39]}
{[%emt 00:00:22]} Ke7 {[%clk 01:25:21]} {[%emt 00:00:23]} 28. Qh7+ {[%clk
01:21:55]} {[%emt 00:01:12]} Kf8 {[%clk 01:21:35]} {[%emt 00:04:17]} 29. Qh8+
{[%clk 01:22:13]} {[%emt 00:00:12]} Ke7 {[%clk 01:21:57]} {[%emt 00:00:09]} 30.
Qxd8+ {[%clk 01:22:32]} {[%emt 00:00:11]} Kxd8 {[%clk 01:22:10]} {[%emt
00:00:16]} 31. Rd1+ {[%clk 01:22:56]} {[%emt 00:00:07]} Ke7 {[%clk 01:21:31]}
{[%emt 00:00:59]} 32. h4 {[%clk 01:23:12]} {[%emt 00:00:24]} Kf7 {[%clk
01:21:42]} {[%emt 00:00:19]} 33. Kh2 {[%clk 01:23:32]} {[%emt 00:00:10]} Kg6
{[%clk 01:22:03]} {[%emt 00:00:09]} 34. Kh3 {[%clk 01:23:52]} {[%emt 00:00:10]}
Kh5 {[%clk 01:22:06]} {[%emt 00:00:28]} 35. g4+ {[%clk 01:24:09]} {[%emt
00:00:12]} Kg6 {[%clk 01:22:04]} {[%emt 00:00:31]} 36. Rd6 {[%clk 01:23:50]}
{[%emt 00:00:49]} Kf7 {[%clk 01:22:10]} {[%emt 00:00:24]} 37. h5 {[%emt
00:00:49]} e5 {[%clk 01:22:07]} 38. h6 {[%clk 01:24:17]} {[%emt 00:00:17]} Kg8
{[%clk 01:22:26]} {[%emt 00:00:12]} 39. Rxf6 {[%clk 01:24:24]} {[%emt
00:00:23]} Kh7 {[%clk 01:22:38]} {[%emt 00:00:17]} 40. g5 {[%clk 01:24:43]}
{[%emt 00:00:12]} Kg8 {[%clk 01:22:26]} {[%emt 00:00:43]} 41. g6 {[%clk
01:24:56]} {[%emt 00:00:17]} Kh8 {[%clk 01:20:59]} {[%emt 00:01:56]} 42. g7+
{[%clk 01:24:58]} {[%emt 00:00:28]} Kh7 {[%clk 01:21:09]} {[%emt 00:00:17]} 43.
Rf8 {[%clk 01:25:22]} {[%emt 00:00:10]} Kg6 {[%clk 01:21:11]} {[%emt 00:00:25]}
44. g8=Q+ {[%emt 00:00:15]} Kh5 {[%emt 00:00:22]} 45. h7 {[%emt 00:00:47]} Kh6
{[%emt 00:00:29]} 46. h8=Q# {[%clk 01:22:50]} {[%emt 00:00:37]} 1-0

[Event "DVM U12w 2024"]
[Site "Bad Homburg GER"]
[Date "2024.12.29"]
[Round "5"]
[White "Lange, Lene Marie"]
[Black "Gelbach, Julietta"]
[Result "1-0"]
[Termination "normal"]
[Board "7.2"]
[WhiteElo "1501"]
[BlackElo "855"]
[WhiteClock "00:20:28"]
[BlackClock "00:49:13"]
[WhiteTeam "SK König Plauen"]
[BlackTeam "SG Porz 2"]
[PlyCount "109"]
[WhiteFideId "34639748"]
[BlackFideId "34682740"]
[EventCountry "GER"]
[EventRounds "7"]
[EventType "team-swiss"]
[EventDate "2024.12.26"]

1. d4 {[%clk 01:30:54]} {[%emt 00:00:06]} c5 {[%clk 01:30:50]} {[%emt
00:00:10]} 2. c3 {[%clk 01:30:57]} {[%emt 00:00:28]} Nf6 {[%clk 01:31:12]}
{[%emt 00:00:08]} 3. Bf4 {[%clk 01:31:05]} {[%emt 00:00:21]} Qb6 {[%clk
01:31:08]} {[%emt 00:00:35]} 4. Qc2 {[%clk 01:30:16]} {[%emt 00:01:19]} Nc6
{[%clk 01:30:23]} {[%emt 00:01:15]} 5. e3 {[%clk 01:27:20]} {[%emt 00:03:26]}
e6 {[%clk 01:29:23]} {[%emt 00:01:30]} 6. Bd3 {[%clk 01:22:45]} {[%emt
00:05:05]} g6 {[%clk 01:27:25]} {[%emt 00:02:28]} 7. Nf3 {[%clk 01:19:53]}
{[%emt 00:03:21]} Bg7 {[%clk 01:27:06]} {[%emt 00:00:49]} 8. O-O {[%clk
01:15:33]} {[%emt 00:04:50]} O-O {[%clk 01:26:28]} {[%emt 00:01:03]} 9. Nbd2
{[%clk 01:08:57]} {[%emt 00:07:11]} d5 {[%clk 01:24:56]} {[%emt 00:02:02]} 10.
b3 {[%clk 01:06:13]} {[%emt 00:03:14]} Bd7 {[%clk 01:22:28]} {[%emt 00:02:58]}
11. Bd6 {[%clk 01:03:56]} {[%emt 00:02:46]} Rfe8 {[%clk 01:20:03]} {[%emt
00:02:56]} 12. Bxc5 {[%clk 01:03:36]} {[%emt 00:00:50]} Qc7 {[%clk 01:19:40]}
{[%emt 00:00:53]} 13. c4 {[%clk 01:00:30]} {[%emt 00:03:35]} e5 {[%clk
01:18:14]} {[%emt 00:01:57]} 14. dxe5 {[%clk 00:54:20]} {[%emt 00:06:40]} Nxe5
{[%clk 01:17:12]} {[%emt 00:01:32]} 15. Nxe5 {[%clk 00:53:56]} {[%emt
00:00:54]} Rxe5 {[%clk 01:15:53]} {[%emt 00:01:49]} 16. cxd5 {[%clk 00:49:12]}
{[%emt 00:05:14]} Rh5 {[%clk 01:13:20]} {[%emt 00:02:52]} 17. Nf3 {[%clk
00:46:24]} {[%emt 00:03:28]} Ng4 {[%clk 01:12:12]} {[%emt 00:01:37]} 18. Bd4
{[%clk 00:45:02]} {[%emt 00:01:55]} Qd6 {[%clk 01:10:07]} {[%emt 00:02:28]} 19.
h3 {[%clk 00:43:20]} {[%emt 00:02:19]} Ne5 {[%clk 01:08:33]} {[%emt 00:01:59]}
20. Bxe5 {[%clk 00:39:21]} {[%emt 00:04:33]} Bxe5 {[%clk 01:07:58]} {[%emt
00:01:05]} 21. Rac1 {[%clk 00:37:57]} {[%emt 00:01:54]} Bxh3 {[%clk 01:04:39]}
{[%emt 00:03:49]} 22. gxh3 {[%clk 00:36:32]} {[%emt 00:01:56]} Rxh3 {[%clk
01:04:32]} {[%emt 00:00:37]} 23. Nxe5 {[%clk 00:36:45]} {[%emt 00:00:16]} Qxe5
{[%clk 01:04:33]} {[%emt 00:00:29]} 24. f4 {[%clk 00:36:29]} {[%emt 00:00:46]}
Qxd5 {[%clk 01:04:45]} {[%emt 00:00:19]} 25. Be4 {[%clk 00:36:10]} {[%emt
00:00:48]} Qh5 {[%clk 01:03:51]} {[%emt 00:01:13]} 26. Qd1 {[%clk 00:35:27]}
{[%emt 00:01:26]} Rg3+ {[%clk 01:02:46]} {[%emt 00:01:31]} 27. Bg2 {[%clk
00:32:54]} {[%emt 00:03:07]} Qh3 {[%clk 01:02:15]} {[%emt 00:00:19]} 28. Rf2
{[%clk 00:32:38]} {[%emt 00:01:29]} Qe6 {[%clk 01:01:39]} {[%emt 00:00:52]} 29.
Rc3 {[%clk 00:31:07]} {[%emt 00:02:14]} Qe7 {[%clk 01:00:00]} {[%emt 00:01:52]}
30. Qd4 {[%clk 00:30:23]} {[%emt 00:01:58]} Rd8 {[%clk 00:59:40]} {[%emt
00:00:13]} 31. Qc4 {[%clk 00:27:54]} {[%emt 00:03:07]} Rd1+ {[%clk 00:59:42]}
{[%emt 00:00:29]} 32. Rf1 {[%clk 00:27:54]} {[%emt 00:00:29]} Rd2 {[%clk
00:56:51]} {[%emt 00:03:23]} 33. Rf2 {[%clk 00:25:11]} {[%emt 00:03:13]} Rd6
{[%clk 00:54:34]} {[%emt 00:02:26]} 34. Qc5 {[%clk 00:20:31]} {[%emt 00:05:31]}
Qd7 {[%clk 00:49:29]} {[%emt 00:05:33]} 35. Qc8+ {[%clk 00:20:21]} {[%emt
00:00:42]} Qxc8 {[%clk 00:49:29]} {[%emt 00:00:30]} 36. Rxc8+ {[%clk 00:20:42]}
{[%emt 00:00:09]} Kg7 {[%clk 00:49:54]} {[%emt 00:00:05]} 37. Rc3 {[%clk
00:20:50]} {[%emt 00:00:21]} Kf6 {[%clk 00:49:59]} {[%emt 00:00:25]} 38. Kh2
{[%clk 00:21:11]} {[%emt 00:00:10]} Rg4 {[%clk 00:49:21]} {[%emt 00:01:03]} 39.
Bxb7 {[%clk 00:21:05]} {[%emt 00:00:41]} h5 {[%clk 00:48:40]} {[%emt 00:01:10]}
40. Rc6 {[%clk 00:20:18]} {[%emt 00:01:17]} Rxc6 {[%clk 00:48:54]} {[%emt
00:00:17]} 41. Bxc6 {[%clk 00:20:33]} {[%emt 00:00:14]} g5 {[%clk 00:48:59]}
{[%emt 00:00:25]} 42. Bf3 {[%clk 00:20:42]} {[%emt 00:00:22]} Rh4+ {[%clk
00:49:05]} {[%emt 00:00:23]} 43. Kg3 {[%clk 00:20:56]} {[%emt 00:00:16]} Kf5
{[%clk 00:48:24]} {[%emt 00:01:12]} 44. Bd5 {[%clk 00:20:31]} {[%emt 00:00:53]}
Rg4+ {[%clk 00:48:14]} {[%emt 00:00:40]} 45. Kh3 {[%clk 00:20:46]} {[%emt
00:00:14]} Rh4+ {[%clk 00:48:09]} {[%emt 00:00:36]} 46. Kg2 {[%clk 00:20:58]}
{[%emt 00:00:18]} f6 {[%clk 00:48:27]} {[%emt 00:00:12]} 47. Bf7 {[%clk
00:20:22]} {[%emt 00:01:08]} Rg4+ {[%clk 00:48:06]} {[%emt 00:00:50]} 48. Kh1
{[%clk 00:20:44]} {[%emt 00:00:08]} h4 {[%clk 00:48:25]} {[%emt 00:00:11]} 49.
Kh2 {[%clk 00:20:57]} {[%emt 00:00:18]} Ke4 {[%clk 00:48:25]} {[%emt 00:00:30]}
50. fxg5 {[%clk 00:19:00]} {[%emt 00:02:26]} fxg5 {[%clk 00:48:31]} {[%emt
00:00:25]} 51. Rc2 {[%clk 00:19:08]} {[%emt 00:00:22]} Kxe3 {[%clk 00:48:42]}
{[%emt 00:00:19]} 52. Rc3+ {[%clk 00:19:32]} {[%emt 00:00:06]} Kf2 {[%clk
00:48:58]} {[%emt 00:00:10]} 53. Rc2+ {[%clk 00:19:58]} {[%emt 00:00:09]} Kf3
{[%clk 00:49:03]} {[%emt 00:00:25]} 54. Bh5 {[%clk 00:20:21]} {[%emt 00:00:06]}
h3 {[%clk 00:49:13]} {[%emt 00:00:21]} 55. Kxh3 {[%clk 00:20:28]} {[%emt
00:00:22]} 1-0

[Event "DVM U12w 2024"]
[Site "Bad Homburg GER"]
[Date "2024.12.29"]
[Round "5"]
[White "Gelbach, Amelia"]
[Black "Winkler, Anni"]
[Result "0-1"]
[Termination "normal"]
[Board "7.3"]
[WhiteElo "809"]
[BlackElo "1404"]
[WhiteClock "00:11:09"]
[BlackClock "00:45:17"]
[WhiteTeam "SG Porz 2"]
[BlackTeam "SK König Plauen"]
[PlyCount "70"]
[WhiteFideId "34682732"]
[BlackFideId "34622349"]
[EventCountry "GER"]
[EventRounds "7"]
[EventType "team-swiss"]
[EventDate "2024.12.26"]

1. e4 {[%clk 01:30:58]} {[%emt 00:00:02]} d5 {[%clk 01:29:50]} {[%emt
00:01:11]} 2. Nc3 {[%clk 01:28:43]} {[%emt 00:02:45]} Nf6 {[%clk 01:21:58]}
{[%emt 00:08:22]} 3. Bd3 {[%clk 01:18:22]} {[%emt 00:10:51]} c5 {[%clk
01:16:07]} {[%emt 00:06:21]} 4. e5 {[%clk 01:04:10]} {[%emt 00:14:42]} d4
{[%clk 01:13:53]} {[%emt 00:02:44]} 5. exf6 {[%clk 01:00:16]} {[%emt 00:04:24]}
dxc3 {[%clk 01:13:46]} {[%emt 00:00:37]} 6. bxc3 {[%clk 01:00:21]} {[%emt
00:00:25]} exf6 {[%clk 01:13:32]} {[%emt 00:00:44]} 7. Nf3 {[%clk 00:54:11]}
{[%emt 00:06:40]} Bd6 {[%clk 01:12:04]} {[%emt 00:01:57]} 8. O-O {[%clk
00:52:11]} {[%emt 00:02:30]} O-O {[%clk 01:12:14]} {[%emt 00:00:20]} 9. Re1
{[%clk 00:49:49]} {[%emt 00:02:53]} Nc6 {[%clk 01:08:30]} {[%emt 00:04:14]} 10.
h3 {[%clk 00:45:31]} {[%emt 00:04:48]} a6 {[%clk 01:06:59]} {[%emt 00:02:00]}
11. Be4 {[%emt 00:02:54]} Ne5 {[%clk 01:05:45]} {[%emt 00:01:41]} 12. d4 {[%clk
00:41:29]} {[%emt 00:02:11]} Nxf3+ {[%clk 01:05:23]} {[%emt 00:00:53]} 13. Qxf3
{[%clk 00:41:11]} {[%emt 00:00:48]} Re8 {[%clk 01:04:11]} {[%emt 00:01:41]} 14.
Ba3 {[%clk 00:40:48]} {[%emt 00:00:54]} cxd4 {[%clk 01:03:08]} {[%emt
00:01:33]} 15. Bxd6 {[%clk 00:40:29]} {[%emt 00:00:48]} Qxd6 {[%clk 01:03:20]}
{[%emt 00:00:17]} 16. cxd4 {[%clk 00:39:56]} {[%emt 00:01:05]} Rb8 {[%clk
00:59:29]} {[%emt 00:04:20]} 17. Rab1 {[%clk 00:36:08]} {[%emt 00:04:20]} b5
{[%clk 00:56:41]} {[%emt 00:03:17]} 18. Bxh7+ {[%clk 00:31:47]} {[%emt
00:04:51]} Kf8 {[%clk 00:54:32]} {[%emt 00:02:39]} 19. Rxe8+ {[%clk 00:31:56]}
{[%emt 00:00:22]} Kxe8 {[%clk 00:54:46]} {[%emt 00:00:15]} 20. Re1+ {[%clk
00:32:12]} {[%emt 00:00:14]} Kf8 {[%clk 00:54:17]} {[%emt 00:00:59]} 21. c3
{[%clk 00:23:06]} {[%emt 00:09:32]} g6 {[%clk 00:52:10]} {[%emt 00:02:42]} 22.
Qd3 {[%clk 00:22:02]} {[%emt 00:01:34]} Bf5 {[%clk 00:51:57]} {[%emt 00:00:43]}
23. Qd2 {[%clk 00:22:03]} {[%emt 00:00:29]} Kg7 {[%clk 00:51:49]} {[%emt
00:00:38]} 24. Bg8 {[%clk 00:21:28]} {[%emt 00:01:04]} Rxg8 {[%clk 00:51:49]}
{[%emt 00:00:30]} 25. g4 {[%clk 00:20:01]} {[%emt 00:01:58]} Bd7 {[%clk
00:51:26]} {[%emt 00:00:52]} 26. h4 {[%clk 00:19:29]} {[%emt 00:01:02]} Bxg4
{[%clk 00:51:25]} {[%emt 00:00:30]} 27. Re4 {[%emt 00:01:36]} Bf5 {[%clk
00:51:16]} {[%emt 00:00:37]} 28. Rf4 {[%clk 00:18:04]} {[%emt 00:00:52]} Rh8
{[%clk 00:50:52]} {[%emt 00:00:54]} 29. Qe3 {[%clk 00:17:45]} {[%emt 00:00:50]}
Bd3 {[%clk 00:49:26]} {[%emt 00:01:55]} 30. Rg4 {[%clk 00:15:35]} {[%emt
00:02:41]} Bc4 {[%clk 00:48:26]} {[%emt 00:01:30]} 31. f4 {[%emt 00:02:41]} f5
{[%clk 00:48:19]} {[%emt 00:00:32]} 32. Rg2 {[%clk 00:12:55]} {[%emt 00:01:04]}
Rxh4 {[%clk 00:48:28]} {[%emt 00:00:20]} 33. Rf2 {[%clk 00:12:08]} {[%emt
00:01:16]} Qc6 {[%clk 00:45:47]} {[%emt 00:03:10]} 34. Qf3 {[%clk 00:11:04]}
{[%emt 00:01:36]} Bd5 {[%clk 00:45:44]} {[%emt 00:00:32]} 35. Qg3 {[%clk
00:11:09]} {[%emt 00:00:26]} Rh1# {[%clk 00:45:17]} {[%emt 00:00:27]} 0-1